Critical issues in social research : (Record no. 57770)
[ view plain ]
| 000 -LEADER | |
|---|---|
| fixed length control field | 01032nam a2200301 a 4500 |
| 001 - CONTROL NUMBER | |
| control field | 57770 |
| 003 - CONTROL NUMBER IDENTIFIER | |
| rucl marc code | BD-RjUL |
| 005 - DATE AND TIME OF LATEST TRANSACTION | |
| control field | 20211209080541.0 |
| 008 - FIXED-LENGTH DATA ELEMENTS--GENERAL INFORMATION | |
| fixed length control field | 161211s1999 enk b 001 0 eng |
| 020 ## - INTERNATIONAL STANDARD BOOK NUMBER | |
| International Standard Book Number | 0335201415 (hardcover) |
| International Standard Book Number | 0335201407 (pbk.) |
| 035 ## - SYSTEM CONTROL NUMBER | |
| System control number | (BD-RjUL)57894 |
| 040 ## - CATALOGING SOURCE | |
| Original cataloging agency | DLC |
| Transcribing agency | DLC |
| Modifying agency | BD-RjUL |
| Language of cataloging | eng |
| 041 ## - LANGUAGE CODE | |
| Language code of text/sound track or separate title | eng |
| 082 00 - DEWEY DECIMAL CLASSIFICATION NUMBER | |
| Classification number | 300.72 |
| Edition number | 23 |
| Author mark and year | CRI 1999 |
| 245 10 - TITLE STATEMENT | |
| Title | Critical issues in social research : |
| Remainder of title | power and prejudice / |
| Statement of responsibility, etc. | edited by Suzanne Hood, Berry Mayall, and Sandy Oliver. |
| 260 ## - PUBLICATION, DISTRIBUTION, ETC. (IMPRINT) | |
| Place of publication, distribution, etc. | Buckingham, [U.K.] ; |
| -- | Philadelphia : |
| Name of publisher, distributor, etc. | Open University Press, |
| Date of publication, distribution, etc. | 1999. |
| 300 ## - PHYSICAL DESCRIPTION | |
| Pagination | ix, 177 p. ; |
| Size | 24 cm. |
| 504 ## - BIBLIOGRAPHY, ETC. NOTE | |
| Bibliography, etc | Includes bibliographical references and index. |
| 650 #0 - SUBJECT ADDED ENTRY--TOPICAL TERM | |
| Topical term or geographic name as entry element | People with social disabilities |
| General subdivision | Research. |
| 9 (RLIN) | 171572 |
| Topical term or geographic name as entry element | Action research. |
| 9 (RLIN) | 171573 |
| Topical term or geographic name as entry element | Marginality, Social. |
| 9 (RLIN) | 171551 |
| 700 1# - ADDED ENTRY--PERSONAL NAME | |
| Personal name | Hood, Suzanne, |
| Dates associated with a name | 1957- |
| Personal name | Mayall, Berry. |
| Personal name | Oliver, Sandy, |
| Dates associated with a name | 1955- |
| 942 ## - ADDED ENTRY ELEMENTS (KOHA) | |
| Source of classification or shelving scheme | Dewey Decimal Classification |
| Koha item type | Books |
| Lost status | Source of classification or shelving scheme | Damaged status | Not for loan | Collection code | Permanent Location | Current Location | Shelving location | Date acquired | Source of acquisition | Cost, normal purchase price | Total Checkouts | Full call number | Date last seen | Copy number | Koha item type |
|---|---|---|---|---|---|---|---|---|---|---|---|---|---|---|---|
| Dewey Decimal Classification | Not For Loan | Non-fiction | Central Library, University of Rajshahi | Central Library, University of Rajshahi | Reading Room | 02/12/2010 | Dhaka paragon enterprises ltd. | 27.95 | 300.72 CRI 1999 | 11/12/2016 | C-1 | Books |